00475nam a2200121Ia 4500008004100000020001800041245011900059260002000178650002200198856004100220999001900261952007300280171212s9999 xx 000 0 und d a9781910634189 ceditor Dethloff, Diana;Elam, Caroline;Murdoch, Tessa;Sloan, KimaBurning BrightbEssays in Honour of David Bindman bUCL Pressc2015 aArt & Art History uhttp://jstor.org/stable/j.ctt1g69z6q c352854d352854 001040aCLbCLd2017-12-12l0r2017-12-12 00:00:00w2017-12-12yCBE